JEDZENIE - Statystyki

Ogólne statystyki
  • Ten quiz został rozwiązany 538 razy
  • Średni wynik to 110 z 273
Statystyki odpowiedzi
Hint Odpowiedź % Poprawnych
A ananas
86%
A arbuz
85%
B banan
81%
B bułka
75%
C cebula
70%
A agrest
69%
J jabłko
69%
P pomidor
69%
C cytryna
68%
C czekolada
68%
B barszcz
67%
B burak
67%
C chleb
67%
M mak
66%
O ogórek
66%
B bigos
65%
G gruszka
65%
K kurczak
65%
P pizza
65%
C ciasto
64%
C czosnek
64%
A awokado
63%
B brzoskwinia
63%
K kapusta
63%
B bakłażan
62%
B borówka
62%
B burger
62%
C chipsy
62%
J jajko
62%
S ser
62%
B baton
61%
F frytki
61%
M malina
61%
M marchewka
61%
Z ziemniak
61%
K kebab
60%
M makaron
60%
P pierogi
60%
K kasza
59%
K kiełbasa
59%
C czereśnia
58%
M mus
58%
K kalafior
57%
K kotlet
57%
P papryka
57%
P por
57%
T truskawka
57%
B budyń
56%
F fasola
56%
G groch
56%
J jogurt
56%
L lód
56%
P pomarańcza
56%
R ryba
56%
S sałata
56%
B brukselka
55%
J jagoda
55%
R rosół
55%
S szynka
55%
C cukinia
54%
D dynia
54%
K kiwi
54%
M mandarynka
54%
G grzyb
53%
R ryż
53%
J jajecznica
52%
S schab
52%
C cukierek
51%
Ż żurek
51%
K kluski
50%
P pietruszka
50%
Z zupa
50%
B bagietka
49%
K karp
49%
N naleśnik
49%
S sałatka
49%
Ś śliwka
49%
G galaretka
48%
G gulasz
48%
M mango
48%
M masło
48%
O orzech
48%
W wiśnia
48%
B batat
47%
C ciastko
47%
D dżem
47%
F figa
47%
K kukurydza
47%
S spaghetti
47%
B bekon
46%
B bób
46%
D dorsz
46%
H hotdog
46%
K kisiel
46%
K krewetki
46%
Ł łosoś
46%
M morela
46%
P pączek
46%
S seler
46%
W winogrono
46%
J jeżyna
45%
L limonka
45%
L lizak
45%
P pomidorowa
45%
S sernik
45%
C chrupki
44%
G gołąbki
44%
I indyk
44%
K kabanos
44%
M makowiec
44%
P płatki
44%
Ś śledź
44%
T tort
44%
Ż żelki
44%
K kanapka
43%
K kokos
43%
O omlet
43%
P paluszki
43%
P porzeczka
43%
R rzodkiewka
43%
C chrzan
42%
F flaki
42%
K karkówka
42%
K kaszanka
42%
K kopytka
42%
N nektarynka
42%
S sos
42%
D drożdżówka
41%
G granat
41%
P parówka
41%
S szpinak
41%
B beza
40%
B biszkopt
40%
L liczi
40%
S sushi
40%
W wołowina
40%
K kalarepa
39%
P pieczarka
39%
Ś śmietana
39%
B brownie
38%
C chałwa
38%
G gofr
38%
L leczo
38%
S szarlotka
38%
Z zapiekanka
38%
C carbonara
37%
C ciecierzyca
37%
E ekler
37%
G golonka
37%
G grejpfrut
37%
K krokiet
37%
M musztarda
37%
P pasztet
37%
S szczypiorek
37%
H herbatnik
36%
P pyzy
36%
R rogal
36%
T tost
36%
W wieprzowina
36%
B bajgiel
35%
C chałka
35%
C cynamon
35%
O oliwki
35%
P poziomka
35%
Ż żurawina
35%
B bakalie
34%
B burrito
34%
C cielęcina
34%
J jarmuż
34%
M marakuja
34%
M marmolada
34%
R rukola
34%
S surówka
34%
W wafel
34%
C chłodnik
33%
H homar
33%
K krakersy
33%
P piernik
33%
L lazania
32%
P papaja
32%
P popcorn
32%
P precel
32%
T tortilla
32%
H hummus
31%
K karpatka
31%
K krupnik
31%
Ł łazanki
31%
R rzepa
31%
S salami
31%
S smalec
31%
T twaróg
31%
U uszka
31%
G grzanka
30%
M margaryna
30%
O owsianka
30%
R rolada
30%
F fasolka
29%
F feta
29%
J jagnięcina
29%
S szparagi
29%
Ż żeberka
29%
G gyros
28%
R rodzynki
28%
T tuńczyk
28%
W wątróbka
28%
B boczniak
27%
F faworek
27%
M małże
27%
M mortadela
27%
M mozarella
27%
N nachosy
27%
P pieczeń
27%
P pita
27%
R rabarbar
27%
S słonecznik
27%
K kawior
26%
S skrzydełka
26%
U udko
26%
C chorizo
25%
D donut
25%
K karmel
25%
K kremówka
25%
N nuggetsy
25%
O oscypek
25%
P pistacje
25%
P pulpety
25%
S szaszłyk
25%
T tatar
25%
D draże
24%
K kalmar
24%
L lukrecja
24%
P pigwa
24%
K klopsiki
23%
K kołacz
23%
L landrynki
23%
L lukier
23%
M mizeria
23%
P parmezan
23%
P pesto
23%
R racuchy
23%
R risotto
23%
S soczewica
23%
T taco
23%
T tiramisu
23%
W wędlina
23%
T tarta
22%
C ciabatta
21%
R ramen
21%
G gzik
20%
M marcepan
20%
O ostrygi
20%
Q quesadilla
20%
S stek
20%
F falafel
19%
F fistaszek
19%
G granola
19%
G guacamole
19%
P prażynki
19%
S sardynka
19%
M muffinka
18%
W wrap
17%
M mascarpone
16%
T tofu
16%
W wanilia
15%
L lawasz
14%
G gorgonzola
13%
N nugat
13%
P pudding
13%
S salsa
13%
W wasabi
12%
S sorbet
9%
S stripsy
8%
T trufla
8%
Nie znaleziono quizów pasujących do podanych kryteriów
Rozkład punktacji
Procent ludzi z każdym wynikiem
Percentyl według liczby udzielonych odpowiedzi
Twoja historia wyników
Nie rozwiązałeś tego quizu